| 000 | 00676nam a22002177a 4500 | ||
|---|---|---|---|
| 003 | BUBTL | ||
| 008 | 221116b ||||| |||| 00| 0 eng d | ||
| 020 | _a9847002006538 | ||
| 082 | _a822.3/ W391d/ 2019 | ||
| 100 |
_94902 _a Webster, John |
||
| 245 |
_aThe Duchess of Malfi/ _cJohn Webster |
||
| 250 | _a1st Edn. | ||
| 260 |
_aDhaka: _bFriends' Book Corner, _cc2019 |
||
| 300 |
_axxxiii, 259 p.: _c19 cm |
||
| 440 |
_94221 _aFriends' Classics |
||
| 505 | _aThe Duchess of Malfi, John Webster, Friends' Classics, English | ||
| 650 | 0 |
_91994 _aEnglish Literature |
|
| 856 |
_k0 _l0 _yDownload |
||
| 942 |
_2ddc _cBK |
||
| 999 |
_c6794 _d6794 |
||